|
|
|
|
| LEADER |
00932nam a22002652i 4500 |
| 001 |
000420344 |
| 003 |
CZ BrMZK |
| 005 |
20150626133147.0 |
| 007 |
ta |
| 008 |
990305s1954 gw f lat d |
| 040 |
|
|
|a BOA001
|b cze
|e rda
|
| 100 |
0 |
|
|a Plútarchos,
|d asi 50-asi 120
|7 jn19981002002
|4 aut
|
| 245 |
1 |
0 |
|a Moralia.
|n Volume 6, fasc. 1 /
|c Chaeronensis Plutarchus ; recensuit et emendavit C. Hubert
|
| 264 |
|
1 |
|a Lipsiae :
|b Teubner,
|c 1954
|
| 300 |
|
|
|a 22, 193 stran
|
| 336 |
|
|
|a text
|b txt
|2 rdacontent
|
| 337 |
|
|
|a bez média
|b n
|2 rdamedia
|
| 338 |
|
|
|a svazek
|b nc
|2 rdacarrier
|
| 490 |
1 |
|
|a Bibliotheca scriptorum Graecorum et Romanorum Teubneriana
|
| 700 |
1 |
|
|a Hubert, C.
|4 edt
|
| 830 |
|
0 |
|a Bibliotheca scriptorum Graecorum et Romanorum Teubneriana
|
| 910 |
|
|
|a BOA001
|b 2-0342.534,6/1
|
| 990 |
|
|
|a BK
|
| 991 |
|
|
|b 201506
|
| 996 |
7 |
|
|b 2619793878
|c 2-0342.534,6/1
|l MZK
|r Sklad / do 24 hodin
|n 7
|w 000420344
|u 000010
|a 1
|e BOA001
|j MZK50
|s A
|